|
|
|
|
| LEADER |
00000nab a2200000u 4500 |
| 001 |
vtls012054231 |
| 003 |
SK-MaSNL |
| 005 |
20260303095927.0 |
| 008 |
210517|20210507xo ||||||| || ||slo| |
| 038 |
|
|
|a KEVKJB
|
| 040 |
|
|
|a KEVKJB
|b slo
|e rda
|
| 041 |
0 |
|
|a slo
|
| 043 |
|
|
|a e-xo---
|
| 044 |
|
|
|a xo
|c SK
|
| 072 |
|
7 |
|a 669
|x Metalurgia
|2 konspekt
|
| 080 |
|
|
|a 669.1
|2 2011
|
| 110 |
2 |
|
|a Tlačová agentúra Slovenskej republiky
|4 aut
|9 177619
|
| 245 |
0 |
0 |
|a Košické oceliarne čakajú značné vynútené investície
|b môžu za to veľké plány do roku 2050
|c [autor] (tasr)
|
| 300 |
|
|
|b Fotografie
|
| 336 |
|
|
|a text
|b txt
|2 rdacontent
|
| 337 |
|
|
|a bez média
|b n
|2 rdamedia
|
| 338 |
|
|
|a zväzok
|b nc
|2 rdacarrier
|
| 610 |
2 |
7 |
|a U. S. Steel (Košice, Slovensko)
|2 kevkjb
|9 656260
|
| 651 |
|
7 |
|a Košice (Slovensko)
|2 SNKPHgeo
|9 18694
|
| 773 |
0 |
|
|t Korzár
|g Roč. XXIV., č. 104 (7.5.2021), s. 6
|x 2585-7355
|
| 852 |
|
|
|a KEVKJB
|b KIS3GCP
|
| 856 |
4 |
1 |
|u https://kosice.korzar.sme.sk/c/22654040/u-s-steel-cakaju-obrovske-vynutene-investicie-mozu-za-to-velke-plany-do-roku-2050.html
|
| 999 |
|
|
|c 1827331
|d 1829261
|